000 00214nam a22000857a 4500
008 160630b xxu||||| |||| 00| 0 eng d
100 _91621
_a Gupta, P
245 _aLittle Red Riding Hood
260 _aNew Delhi
_bM/S Arya
999 _c1345
_d1345